Biblioteca

A commentary on the book of Exodus (Registro nro. 67372)

Detalles MARC
000 -LÍDER
Campo fijo de descripción fija 01976cam a2200397 i 4500
001 - NÚMERO DE CONTROL
Campo de control 768714001
003 - IDENTIFICADOR DEL NÚMERO DE CONTROL
Campo de control CO-MdFUSB
005 - FECHA Y HORA DE LA ULTIMA TRANSACCIÓN
control field 20220406124014.0
007 - CAMPO FIJO DE DESCRIPCIÓN FIJA--INFORMACIÓN GENERAL
Campo fijo de descripción fija ta
008 - ELEMENTOS DE LONGITUD FIJA -- INFORMACIÓN GENERAL
Campo fijo de descripción fija -- Información general 070116t19971967is b 001 0 eng d
020 ## - NÚMERO INTERNACIONAL NORMALIZADO PARA LIBROS
Número Internacional Normalizado del libro 9652234567
040 ## - FUENTE DE CATALOGACIÓN
Agencia de catalogación original HNW
Agencia que realiza la transcripción CO-MdFUSB
Agencia que realiza la modificación HNW
Idioma de catalogación spa
Convenciones de la descripción rda
041 1# - CÓDIGO DE IDIOMA
Código de idioma para texto/pista de sonido o título separado eng
-- heb
082 ## - NÚMERO DE CLASIFICACIÓN DECIMAL DEWEY
Número de la edición del Dewey 23
Número de clasificación 222.1207
Clave de autor-Numero de item C345
090 ## - SIGNATURA TOPOGRÁFICA LOCAL
Número de clasificación local BS 1245.3 .C313 1997
100 1# - ASIENTO PRINCIPAL--NOMBRE PERSONAL
Nombre personal Cassuto, Umberto,
Fechas asociadas con el nombre 1883-1951.
Término relacionador autor
240 10 - TITULO UNIFORME
Título uniforme <a href="Perush al Sefer Shemot.">Perush al Sefer Shemot.</a>
245 12 - TÍTULO
Título del Material A commentary on the book of Exodus
Mención de responsabilidad, etc. / U. Cassuto ; traducido por Israel Abrahams.
264 #1 - PRODUCCIÓN, PUBLICACIÓN, DISTRIBUCIÓN, MANUFACTURA, Y COPYRIGHT
Lugar de producción, publicación, distribución, manufactura Jerusalem :
Nombre del productor, publicador, distribuidor The Magnes Press,
Fecha de producción, publicación, distribución, manufactura, o copyright [1997]
264 #4 - PRODUCCIÓN, PUBLICACIÓN, DISTRIBUCIÓN, MANUFACTURA, Y COPYRIGHT
Fecha de producción, publicación, distribución, manufactura, o copyright © 1997
300 ## - DESCRIPCIÓN FÍSICA
Extensión 509 páginas ;
Dimensiones 25 cm.
336 ## - TIPO DE CONTENIDO
Fuente rdacontent
Término de tipo de contenido texto
Código de tipo de contenido txt
337 ## - TIPO DE MEDIO
Fuente rdamedia
Nombre del tipo de medio sin mediación
Código del tipo de medio n
338 ## - TIPO DE SOPORTE
Fuente rdacarrier
Nombre del tipo de soporte volumen
Código Tipo de soporte nc
490 1# - MENCIÓN DE SERIE
Mención de serie Publications of the Perry Foundation for Biblical Research in the Hebrew University of Jerusalem.
504 ## - NOTA DE BIBLIOGRAFÍA, ETC.
Nota de bibliografía, etc Incluye referencias bibliográficas (p. 487-492).
505 0# - NOTA DE CONTENIDO
Título Parte uno. La servidumbre y la liberación (I-XVII)
Nota de contenido con formato preestablecido La servidumbre. -- El nacimiento del salvador y su crianza. -- la misión de Moisés. -- El primer intento y su fracaso. -- Preludio de una acción exitosa. -- las plagas; El éxodo de Egipto. -- La división del Mar de Juncos. -- Las tribulaciones del viaje.
505 0# - NOTA DE CONTENIDO
Título Parte dos. La Torá y sus preceptos (XVIII-XXIV)
Nota de contenido con formato preestablecido Israel es acogido como una de las naciones del mundo. -- La revelación en el Monte Sinaí. -- estatutos y ordenanzas. -- La realización del pacto -
505 0# - NOTA DE CONTENIDO
Título Parte tres. El tabernáculo y su servicio (XXV-XL)
Nota de contenido con formato preestablecido Instrucciones para la construcción del tabernáculo. -- La fabricación del becerro. -- La ejecución de la obra del tabernáculo y su erección.
563 ## - NOTA DE ENCUADERNACIÓN
Nota de encuadernación Pasta dura
630 07 - TITULO UNIFORME
Título uniforme Biblia.
Nombre de parte o sección de la obra Éxodo
830 #0 - PUNTO DE ACCESO ADICIONAL DE SERIE - TÍTULO UNIFORME
Título uniforme Sidrat sefarim le-heker ha-Mikra mi-yisudo shel S. Sh. Peri.
942 ## - TIPO DE MATERIAL (KOHA)
Tipo de Item KOHA Libros de Referencia
945 ## - INFORMACIÓN LOCAL DEL REGISTRO
Catalogador JTF-925
Existencias
Estado de Material Estado de Perdido Forma de Clasificación Estado de Dañado No para Préstamo Colección Biblioteca de Origen Biblioteca Permanente Fecha de Adquisición Área Total de Préstamos Signatura Topográfica Código de Barras Última vez visto Ejemplar/Existencia Fecha de Remplazo Tipo de Material
    Dewey Decimal Classification     Colección de Referencia Biblioteca FUSBC Biblioteca FUSBC 07/03/2022 BIBLIA   R 222.1207 C345c 21556 07/03/2022 Ej.1 07/03/2022 Libros de Referencia

Biblioteca FUSBC | Teléfono: (57+4) 349 88 10 Ext. 141| WhatsApp (+57) 3005338115 
E-mail: biblioteca@unisbc.edu.co | Calle 76 87-14 Robledo Palenque, Medellín, Colombia

Con tecnología Koha